[Event "Monroe (RVO/2/1)"]
[Site "?"]
[Date "1986.??.??"]
[Round "?"]
[White "Finegold, Ben"]
[Black "Mazuchowski, Tom"]
[Result "1-0"]
[WhiteElo "2445"]
[BlackElo "2140"]
[PlyCount "55"]
[EventDate "1986.??.??"]

{2/(1)} 1. d4 Nf6 2. c4 g6 3. Nc3 Bg7 4. e4 O-O 5. Nf3 d6 6. Be2 Bg4 7. Be3
Nfd7 8. O-O Nc6 9. d5 Bxf3 10. gxf3 Na5 11. Qc2 c5 12. a3 b6 13. b4 Nb7 14.
Rab1 Qc8 15. f4 Nf6 16. e5 dxe5 17. fxe5 Ng4 18. e6 Nxe3 19. fxe3 Nd6 20. exf7+
Rxf7 21. Rxf7 Kxf7 22. Ne4 Bh6 23. bxc5 Bxe3+ 24. Kh1 bxc5 25. Nxd6+ exd6 26.
Qe4 Qe8 27. Rb7+ Kg8 28. Re7 1-0

[Event "Oakham YM"]
[Site "Oakham"]
[Date "1986.??.??"]
[Round "6"]
[White "Finegold, Ben"]
[Black "Kuznecov, Alex"]
[Result "1-0"]
[WhiteElo "2280"]
[BlackElo "2350"]
[PlyCount "93"]
[EventDate "1986.04.??"]

1. d4 Nf6 2. Nf3 g6 3. Bg5 Bg7 4. e3 O-O 5. Nbd2 d6 6. c3 Nbd7 7. Be2 c5 8. O-O
b6 9. a4 a6 10. b4 cxb4 11. cxb4 Bb7 12. Qb3 Rc8 13. Rfc1 Rc7 14. Bh4 Qb8 15.
Bc4 Qc8 16. Qb2 Qb8 17. Bb3 Rfc8 18. Rxc7 Qxc7 19. Qa2 e6 20. Bg3 Bd5 21. Rb1
Bf8 22. Qb2 Bxb3 23. Qxb3 Qc2 24. Qxc2 Rxc2 25. b5 a5 26. Ra1 d5 27. Rd1 Ra2
28. Rc1 Rxa4 29. Rc7 Ra1+ 30. Nf1 Rb1 31. Ne5 Nxe5 32. Bxe5 Ng4 33. Bf4 Kg7 34.
h3 Nf6 35. Be5 g5 36. Rb7 Rxb5 37. Ng3 Kg6 38. Bxf6 Kxf6 39. Nh5+ Kg6 40. g4 a4
41. Rb8 a3 42. Rxf8 a2 43. Rg8+ Kh6 44. h4 a1=Q+ 45. Kg2 gxh4 46. Nf6 h3+ 47.
Kh2 1-0

[Event "Oakham YM"]
[Site "Oakham"]
[Date "1986.??.??"]
[Round "7"]
[White "Finegold, Ben"]
[Black "Klinger, Josef"]
[Result "1/2-1/2"]
[WhiteElo "2280"]
[BlackElo "2445"]
[PlyCount "22"]
[EventDate "1986.04.??"]

1. d4 e6 2. Nf3 Nf6 3. c4 b6 4. Nc3 Bb7 5. Bg5 h6 6. Bh4 Bb4 7. Qb3 Be7 8. e3
d6 9. Bg3 Nbd7 10. h3 O-O 11. Be2 c5 1/2-1/2

[Event "Warren (MCO/2/1)"]
[Site "?"]
[Date "1986.??.??"]
[Round "?"]
[White "Finegold, Ben"]
[Black "Coleman, John"]
[Result "1-0"]
[WhiteElo "2370"]
[BlackElo "1915"]
[PlyCount "71"]
[EventDate "1986.??.??"]

{2/(1)} 1. e4 c6 2. d4 d5 3. Nc3 dxe4 4. Nxe4 Bf5 5. Ng3 Bg6 6. Nf3 Nd7 7. Bd3
Bxd3 8. Qxd3 Ngf6 9. O-O e6 10. Re1 Be7 11. b3 O-O 12. Bb2 Re8 13. Rad1 Qc7 14.
c4 Rad8 15. Qe2 Nb6 16. Ne5 Bb4 17. Rf1 Bf8 18. Ne4 Nxe4 19. Qxe4 Nd7 20. Nxd7
Qxd7 21. Rd3 Be7 22. Rh3 f5 23. Qe2 Bf6 24. Rd1 c5 25. Rhd3 cxd4 26. Bxd4 Bxd4
27. Rxd4 Qxd4 28. Rxd4 Rxd4 29. g3 Re4 30. Qd2 Kf7 31. f3 Re5 32. Qd4 Ra5 33.
a4 b6 34. b4 Ra6 35. Qd7+ Re7 36. Qb5 1-0

[Event "Midwest Masters op"]
[Site "Chicago"]
[Date "1986.??.??"]
[Round "5"]
[White "Finegold, Ben"]
[Black "Brooks, Michael A"]
[Result "1-0"]
[WhiteElo "2280"]
[BlackElo "2345"]
[PlyCount "74"]
[EventDate "1986.??.??"]

1. d4 Nf6 2. c4 g6 3. Nc3 d6 4. Nf3 Bg7 5. Bf4 O-O 6. e3 Qe8 7. Be2 Nc6 8. h3
e5 9. Bh2 Bf5 10. O-O Rc8 11. a3 Ne4 12. Nd5 a6 13. Rc1 Qd8 14. b4 exd4 15.
exd4 Ng5 16. Ne3 Be4 17. d5 Bxf3 18. Bxf3 Nd4 19. Be2 f5 20. Nc2 Nxc2 21. Rxc2
f4 22. h4 Ne4 23. Bg4 Ra8 24. Qf3 Ng3 25. Bxg3 fxg3 26. Qxg3 Be5 27. Qh3 Rf4
28. g3 Rd4 29. h5 gxh5 30. Qxh5 Qe8 31. Qh3 a5 32. Kg2 axb4 33. axb4 Bg7 34.
Be6+ Kh8 35. Rh1 h6 36. Qf5 Ra3 37. Re2 Rxc4 1-0

[Event "Monroe (RVO/4/1)"]
[Site "?"]
[Date "1986.??.??"]
[Round "?"]
[White "Finegold, Ben"]
[Black "Blocker, C.."]
[Result "1/2-1/2"]
[WhiteElo "2445"]
[BlackElo "2490"]
[PlyCount "145"]
[EventDate "1986.??.??"]

{4/(1)} 1. e4 c5 2. Nf3 e6 3. Nc3 Nc6 4. Bb5 Nge7 5. O-O d6 6. Re1 Bd7 7. Bf1
Ne5 8. Nxe5 dxe5 9. d3 Nc6 10. Ne2 Bd6 11. c3 O-O 12. Be3 Kh8 13. d4 cxd4 14.
cxd4 exd4 15. Nxd4 Be5 16. f4 Bxd4 17. Bxd4 Nxd4 18. Qxd4 Bc6 19. Qe3 Qb6 20.
Qxb6 axb6 21. Kf2 Ra4 22. Bd3 e5 23. fxe5 Re8 24. Red1 Rxe5 25. Bc2 Ra8 26. Rd4
g6 27. Rb4 b5 28. a3 Rae8 29. a4 bxa4 30. Bxa4 Rxe4 31. Rxe4 Rxe4 32. Bxc6 bxc6
33. Rc1 Rf4+ 34. Kg3 Rf6 35. Rc5 Kg7 36. b4 h6 37. b5 cxb5 38. Rxb5 Rf1 39. Rb6
Rc1 40. h4 Rc3+ 41. Kh2 Rc4 42. g3 Rc2+ 43. Kh3 Re2 44. Kg4 Rf2 45. Kh3 h5 46.
Ra6 Re2 47. Rb6 Ra2 48. Rc6 Rb2 49. Rd6 Rc2 50. Ra6 Re2 51. Rb6 Re6 52. Rb7 Kf6
53. Kg2 Re3 54. Kf2 Rd3 55. Kg2 Ke6 56. Kf2 f6 57. Rb5 Rd5 58. Rb3 g5 59. hxg5
fxg5 60. Rb4 Kf5 61. Kf3 Rd3+ 62. Kf2 Rd2+ 63. Kf3 Rd3+ 64. Kf2 Rc3 65. Kg2 Re3
66. Rb5+ Re5 67. Rb4 Re4 68. Rb5+ Kg4 69. Rb2 Rc4 70. Ra2 h4 71. gxh4 Kxh4 72.
Rb2 Kg4 73. Ra2 1/2-1/2

[Event "Oakham YM"]
[Site "Oakham"]
[Date "1986.??.??"]
[Round "3"]
[White "Finegold, Ben"]
[Black "Anand, Viswanathan"]
[Result "1/2-1/2"]
[WhiteElo "2280"]
[BlackElo "2405"]
[PlyCount "121"]
[EventDate "1986.04.??"]

1. d4 d5 2. c4 dxc4 3. e4 Nc6 4. Be3 Nf6 5. Nc3 e5 6. d5 Ne7 7. Nf3 Ng6 8. Bxc4
a6 9. Be2 Bd6 10. O-O O-O 11. Ne1 Nf4 12. Bf3 Bd7 13. g3 Ng6 14. Nd3 Qc8 15.
Rc1 Bh3 16. Re1 Ng4 17. Na4 Nxe3 18. Rxe3 Qe8 19. Bh5 Bd7 20. Nac5 Bc8 21. Bg4
b6 22. Bxc8 Qxc8 23. Na4 Qd7 24. Nc3 Rae8 25. Qa4 Qc8 26. Nb4 Qg4 27. Nxa6 f5
28. Qd1 Ra8 29. Qxg4 fxg4 30. Nxc7 Bxc7 31. Nb5 Bd8 32. Ra3 Rxa3 33. Nxa3 Be7
34. Nb5 Bc5 35. Rc2 Nh8 36. Nc7 Nf7 37. Ne6 Ra8 38. a3 Nd6 39. b4 Bd4 40. Rc6
Nxe4 41. d6 Nf6 42. Rc7 Ne8 43. Rc6 Ra7 44. Rc8 Kf7 45. Nd8+ Kf6 46. Nc6 Nxd6
47. Nxa7 Nxc8 48. Nxc8 Ke6 49. Na7 Kd5 50. a4 Bc3 51. b5 Bb4 52. Nc6 Kc4 53. a5
bxa5 54. Nxb4 Kxb5 55. Nc2 Kc4 56. Kf1 Kb3 57. Ne1 a4 58. Ke2 a3 59. Kd2 a2 60.
Nc2 Kb2 61. Na1 1/2-1/2

[Event "Dearborn (MEX/4)"]
[Site "?"]
[Date "1986.??.??"]
[Round "?"]
[White "Findlay, I.."]
[Black "Feldman, Steve"]
[Result "1/2-1/2"]
[WhiteElo "2340"]
[BlackElo "2355"]
[PlyCount "63"]
[EventDate "1986.??.??"]

1. e4 Nc6 2. Nf3 f5 3. exf5 d5 4. d4 Bxf5 5. Bb5 e6 6. Ne5 Nge7 7. Qe2 a6 8.
Bxc6+ Nxc6 9. Nxc6 bxc6 10. g4 Bg6 11. Qxe6+ Qe7 12. Qxe7+ Bxe7 13. c3 c5 14.
Be3 Rb8 15. b3 cxd4 16. cxd4 O-O 17. Nd2 Bb4 18. Ke2 c5 19. Rac1 cxd4 20. Bxd4
Rbe8+ 21. Kd1 Rf4 22. Bc5 Rxg4 23. Bxb4 Rxb4 24. Re1 Rxe1+ 25. Kxe1 Rh4 26. Nf3
Re4+ 27. Kd2 h6 28. Re1 Rf4 29. Ke3 Re4+ 30. Kd2 Rf4 31. Ke3 Re4+ 32. Kd2
1/2-1/2

[Event "Dearborn (MEX/2)"]
[Site "?"]
[Date "1986.??.??"]
[Round "?"]
[White "Findlay, I.."]
[Black "Cooper, T.."]
[Result "1/2-1/2"]
[WhiteElo "2340"]
[BlackElo "2120"]
[PlyCount "81"]
[EventDate "1986.??.??"]

1. e4 c6 2. d4 d5 3. Nc3 dxe4 4. Nxe4 Nd7 5. Bc4 Ngf6 6. Ng5 e6 7. Qe2 Nb6 8.
Bd3 h6 9. N5f3 c5 10. dxc5 Bxc5 11. Ne5 O-O 12. Ngf3 Nbd7 13. Bd2 Nxe5 14. Nxe5
Qd5 15. O-O b6 16. c4 Qd6 17. Rad1 Qc7 18. Bc3 Bb7 19. Rfe1 Rad8 20. Ng4 Nxg4
21. Qxg4 f5 22. Qg6 Bc8 23. Bf1 Qf7 24. Qxf7+ Kxf7 25. b4 Be7 26. f4 Bb7 27.
Be2 g6 28. Kf2 Be4 29. g3 Bc2 30. Rxd8 Rxd8 31. Ke3 Be4 32. Rd1 Ke8 33. a3 h5
34. Be5 Rc8 35. Rd2 Bc6 36. Kd4 a5 37. Kc3 axb4+ 38. axb4 Ra8 39. Bd6 Bf6+ 40.
Be5 Be7 41. Bd6 1/2-1/2

[Event "Monroe (MI Op/1b/10)"]
[Site "?"]
[Date "1986.??.??"]
[Round "?"]
[White "Feldstein, R.."]
[Black "Riseman, J.."]
[Result "1-0"]
[WhiteElo "2025"]
[BlackElo "1825"]
[PlyCount "97"]
[EventDate "1986.??.??"]

1. Nf3 c5 2. d4 cxd4 3. c3 dxc3 4. Nxc3 Nf6 5. e4 d6 6. e5 dxe5 7. Qxd8+ Kxd8
8. Nxe5 Be6 9. Bf4 a6 10. Be2 Nbd7 11. Bf3 Nxe5 12. Bxe5 Nd7 13. Rd1 Kc8 14.
Bf4 Ra7 15. O-O b5 16. Rc1 Bc4 17. b3 e5 18. Be3 Bc5 19. Bxc5 Nxc5 20. bxc4 Nd3
21. cxb5 Nxc1 22. b6 Rd7 23. Bg4 Nd3 24. Bxd7+ Kxd7 25. Rd1 Kc6 26. Rxd3 Kxb6
27. g4 Rb8 28. Ne4 Kc7 29. Ng5 Rb4 30. Rg3 Rf4 31. Nxh7 Kd6 32. h3 a5 33. Ra3
f5 34. g5 Rh4 35. Nf8 Rh8 36. Ng6 Ra8 37. Re3 e4 38. Rb3 Rc8 39. Kg2 a4 40. Rb4
a3 41. Rb3 Ra8 42. Rb7 Kc5 43. Kg3 Kd4 44. Kf4 Rc8 45. Rb4+ Rc4 46. Rxc4+ Kxc4
47. Ne5+ Kc3 48. Kxf5 g6+ 49. Kxg6 1-0

[Event "Monroe (MI Op/4/9)"]
[Site "?"]
[Date "1986.??.??"]
[Round "?"]
[White "Feldstein, R.."]
[Black "Hahn, David"]
[Result "0-1"]
[WhiteElo "2025"]
[BlackElo "2140"]
[PlyCount "44"]
[EventDate "1986.??.??"]

{4/(9)} 1. Nf3 g6 2. b4 Bg7 3. Nc3 c6 4. Bb2 d5 5. a4 e5 6. Ra3 Nh6 7. Qa1 d4
8. Nd1 a5 9. b5 c5 10. d3 O-O 11. c3 Bg4 12. cxd4 exd4 13. e3 Bxf3 14. gxf3 Nf5
15. Bh3 Nh4 16. f4 Qd5 17. e4 Qh5 18. O-O Qf3 19. Ne3 Qxh3 20. Kh1 dxe3 21. Rg1
Qf3+ 22. Rg2 Qxg2# 0-1

[Event "Monroe (RVO/4/6)"]
[Site "?"]
[Date "1986.??.??"]
[Round "?"]
[White "Feldstein, R.."]
[Black "Finegold, Ron"]
[Result "0-1"]
[WhiteElo "2025"]
[BlackElo "2125"]
[PlyCount "120"]
[EventDate "1986.??.??"]

{4/(6)} 1. Nf3 e6 2. a3 d5 3. b4 Nf6 4. Bb2 Nbd7 5. Nc3 c6 6. Ra2 Bd6 7. Qa1
Qc7 8. d4 b6 9. Nd2 O-O 10. e4 Bf4 11. e5 Bxd2+ 12. Kxd2 Ne4+ 13. Nxe4 dxe4 14.
Qe1 Bb7 15. Qxe4 c5 16. Qh4 Rac8 17. Bd3 h6 18. c3 cxd4 19. cxd4 Qc6 20. f3 Qd5
21. Qe4 Rfd8 22. Qxd5 Bxd5 23. Raa1 Nxe5 24. Rac1 Bc4 25. Be2 b5 26. Ke3 Ng6
27. Bxc4 bxc4 28. Rhd1 Ne7 29. g3 Nd5+ 30. Kd2 e5 31. Bc3 exd4 32. Bxd4 Nxb4
33. axb4 Rxd4+ 34. Kc3 Rd3+ 35. Rxd3 cxd3+ 36. Kd2 Rd8 37. b5 Rd5 38. Rc8+ Kh7
39. Rb8 Rd7 40. Rc8 h5 41. Rc6 g6 42. Rc3 Rd5 43. Rc7 Kg7 44. Rb7 Kf6 45. h4
Ke6 46. g4 hxg4 47. fxg4 f5 48. g5 f4 49. Rg7 Kf5 50. Rxa7 Rxb5 51. Rf7+ Kg4
52. h5 Kxh5 53. Rxf4 Kxg5 54. Rd4 Rb3 55. Ke3 Kh5 56. Kf3 d2+ 57. Kg2 Rb2 58.
Kg3 Kg5 59. Rd5+ Kf6 60. Kg4 Ke6 0-1

[Event "Monroe (RVO/1/17)"]
[Site "?"]
[Date "1986.??.??"]
[Round "?"]
[White "Feldstein, R.."]
[Black "Dautremont, J.."]
[Result "1-0"]
[WhiteElo "2025"]
[BlackElo "1605"]
[PlyCount "67"]
[EventDate "1986.??.??"]

{1/(17)} 1. e4 e6 2. c4 c5 3. Nc3 Nc6 4. f4 d6 5. Bd3 Nge7 6. b3 Ng6 7. Qg4 h5
8. Qg3 Be7 9. Nf3 Nd4 10. O-O Nxf3+ 11. Qxf3 e5 12. f5 Nf4 13. Bc2 h4 14. d3
Nh5 15. Nd5 Nf6 16. Nxe7 Qxe7 17. Bg5 Bd7 18. Qh3 O-O-O 19. Bxh4 g5 20. fxg6
Bxh3 21. Bxf6 Qe6 22. gxf7 Rhf8 23. Bxd8 Qg4 24. Rf2 Kxd8 25. Kh1 Bxg2+ 26.
Rxg2 Qf3 27. Bd1 Qf1+ 28. Rg1 Qxd3 29. Bh5 Qxe4+ 30. Rg2 Qf5 31. Bg6 Qf3 32.
Re1 Ke7 33. h4 Qf4 34. Re4 $138 1-0

[Event "Monroe (MI Op/6/10)"]
[Site "?"]
[Date "1986.??.??"]
[Round "?"]
[White "Feldstein, R.."]
[Black "Cooper, T.."]
[Result "0-1"]
[WhiteElo "2025"]
[BlackElo "2145"]
[PlyCount "110"]
[EventDate "1986.??.??"]

{6/(10)} 1. Nf3 d5 2. c4 e6 3. g3 c5 4. Bg2 Nc6 5. O-O Nf6 6. Na3 Be7 7. Qc2
O-O 8. Rd1 d4 9. Ne1 e5 10. Bf1 Be6 11. Ng2 Qd7 12. Qa4 a6 13. Qb3 b5 14. d3
Nh5 15. Qc2 f5 16. Qd2 b4 17. Nc2 f4 18. Nce1 g5 19. Kh1 fxg3 20. Nf3 g4 21.
Nfh4 Rxf2 22. Qh6 Bf7 23. Bg5 Bf8 24. hxg3 Bxh6 25. Bxh6 Qe6 26. Kg1 Rxf1+ 27.
Rxf1 Nxg3 28. Bg5 Nxf1 29. Rxf1 h6 30. Rf6 hxg5 31. Rxe6 Bxe6 32. Ng6 Kg7 33.
Nxe5 Nxe5 34. Kf2 Rf8+ 35. Kg3 Rf1 36. a3 bxa3 37. bxa3 Rg1 38. a4 a5 39. Kf2
Rxg2+ 40. Kxg2 Bd7 41. Kf2 Bxa4 42. e3 Nxd3+ 43. Ke2 Nc1+ 44. Kd2 Nb3+ 45. Kd3
dxe3 46. Kxe3 Bc6 47. Kd3 a4 48. Kc3 g3 49. Kd3 g2 50. Ke2 a3 51. Kd3 g1=Q 52.
Kc3 Qd4+ 53. Kc2 Na1+ 54. Kc1 Bf3 55. Kb1 Qb2# 0-1

[Event "Dearborn (MEX/1)"]
[Site "Dearborn"]
[Date "1986.??.??"]
[Round "?"]
[White "Feldman, Steve"]
[Black "Bailey, Greg"]
[Result "1-0"]
[WhiteElo "2355"]
[BlackElo "2115"]
[PlyCount "55"]
[EventDate "1986.??.??"]

1. d4 e6 2. c4 Nf6 3. Nf3 b6 4. a3 Bb7 5. Nc3 Be7 6. Qc2 O-O 7. e4 d6 8. Be2
Nbd7 9. O-O c6 10. Bg5 e5 11. dxe5 dxe5 12. Rad1 Qc7 13. Nh4 Rfe8 14. Nf5 Bf8
15. Rd3 h6 16. Bc1 Nc5 17. Rg3 Kh8 18. f4 Rad8 19. fxe5 Qxe5 20. Bf4 Qe6 21. e5
Ng8 22. Ne3 Bc8 23. b4 Nd7 24. Bg4 Qe7 25. Nf5 Qe6 26. Nd6 Qg6 27. Bf5 Qh5 28.
Rh3 1-0

[Event "Warren (MCO/6/39)"]
[Site "?"]
[Date "1986.??.??"]
[Round "?"]
[White "Feldman, J.."]
[Black "Wilke, J.."]
[Result "0-1"]
[WhiteElo "1605"]
[BlackElo "1630"]
[PlyCount "48"]
[EventDate "1986.??.??"]

{6/(39)} 1. e4 e5 2. Nf3 f5 3. Bc4 fxe4 4. Nxe5 Qg5 5. d4 Qxg2 6. Qh5+ g6 7.
Bg5 Ne7 8. Bf7+ Kd8 9. Bxg6 Qxh1+ 10. Kd2 c6 11. Nf7+ Kc7 12. Bf4+ Kb6 13. Qc5+
Ka6 14. Nd6 b5 15. Qa3+ Kb6 16. b4 a5 17. Bxe4 Qg1 18. Ke3 Nd5+ 19. Bxd5 Bxd6
20. Bxd6 Re8+ 21. Be4 Qe1+ 22. Kf3 Qxe4+ 23. Kg3 Rg8+ 24. Kh3 Qg4# 0-1

[Event "Warren (MCO/2/40)"]
[Site "?"]
[Date "1986.??.??"]
[Round "?"]
[White "Feldman, J.."]
[Black "Schwartz, R.."]
[Result "0-1"]
[WhiteElo "1605"]
[BlackElo "1695"]
[PlyCount "42"]
[EventDate "1986.??.??"]

{2/(40)} 1. e4 e5 2. Nf3 Nc6 3. Bc4 h6 4. c3 d6 5. d4 Bg4 6. h3 Bh5 7. Be3 Nf6
8. Nbd2 Nxe4 9. Nxe4 d5 10. Ng3 Bxf3 11. Qxf3 dxc4 12. dxe5 Nxe5 13. Qe4 Bd6
14. Qxb7 Nd3+ 15. Ke2 O-O 16. Bxa7 Bxg3 17. fxg3 Re8+ 18. Be3 Rb8 19. Qf3 Rxb2+
20. Kf1 Qe7 21. Bd4 Qe1+ 0-1

[Event "Warren (MCO/4/42)"]
[Site "?"]
[Date "1986.??.??"]
[Round "?"]
[White "Feldman, J.."]
[Black "Robbins, Fred"]
[Result "0-1"]
[WhiteElo "1605"]
[BlackElo "1625"]
[PlyCount "30"]
[EventDate "1986.??.??"]

{4/(42)} 1. e4 Nf6 2. e5 Nd5 3. d4 d6 4. c4 Nb6 5. f4 dxe5 6. fxe5 c5 7. d5 e6
8. d6 Qh4+ 9. g3 Qe4+ 10. Qe2 Qxh1 11. Nf3 Nc6 12. Kd2 Nd4 13. Nxd4 cxd4 14.
Bg2 Nxc4+ 15. Kd3 Qxc1 0-1

[Event "Warren (MCO/4/4)"]
[Site "?"]
[Date "1986.??.??"]
[Round "?"]
[White "Farges, Y.."]
[Black "Wygrecki, J.."]
[Result "1-0"]
[WhiteElo "2045"]
[BlackElo "2280"]
[PlyCount "47"]
[EventDate "1986.??.??"]

{4/(4)} 1. e4 e6 2. d4 d5 3. exd5 exd5 4. Bd3 Nf6 5. Ne2 c5 6. c3 Bg4 7. Nd2
Nc6 8. dxc5 Bxc5 9. Nb3 Bb6 10. Bf4 O-O 11. O-O d4 12. cxd4 Nxd4 13. Nbxd4 Bxd4
14. Qb3 Bb6 15. Rad1 Nd7 16. Bc4 Qf6 17. Rd6 Qe7 18. Qg3 Bf5 19. Bh6 Qe5 20.
Nf4 Kh8 21. Rxd7 Bxd7 22. Ng6+ fxg6 23. Qxe5 Rf6 24. Bxg7+ 1-0

[Event "Warren (MCO/2/30)"]
[Site "?"]
[Date "1986.??.??"]
[Round "?"]
[White "Farges, Y.."]
[Black "Nixon, Peter"]
[Result "1-0"]
[WhiteElo "2045"]
[BlackElo "1605"]
[PlyCount "71"]
[EventDate "1986.??.??"]

{2/(30)} 1. e4 c5 2. f4 Nc6 3. Nf3 d6 4. Bc4 e6 5. Nc3 Be7 6. O-O Nf6 7. d3 O-O
8. Bb3 b5 9. Nxb5 Qb6 10. c4 d5 11. e5 Nd7 12. Nc3 d4 13. Ne4 f5 14. exf6 Nxf6
15. Nfg5 h6 16. Nxf6+ Bxf6 17. Ne4 Be7 18. Bd2 Bb7 19. Qg4 Nb4 20. Bxb4 Bxe4
21. Bxc5 Bxc5 22. dxe4 d3+ 23. Kh1 Rad8 24. Rad1 Rd6 25. f5 exf5 26. Rxf5 Rg6
27. Rxf8+ Kxf8 28. Qc8+ Ke7 29. Rxd3 Bd4 30. Rf3 Bf6 31. c5 Qa5 32. Qe6+ Kd8
33. Rd3+ Kc7 34. Rd7+ Kb8 35. Qd6+ Kc8 36. Qc6+ 1-0

[Event "Warren (MCO/6/15)"]
[Site "?"]
[Date "1986.??.??"]
[Round "?"]
[White "Farges, Y.."]
[Black "Gaba, H.."]
[Result "1-0"]
[WhiteElo "2045"]
[BlackElo "1800"]
[PlyCount "96"]
[EventDate "1986.??.??"]

{6/(15)} 1. e4 e5 2. Nf3 Nc6 3. d4 exd4 4. Nxd4 Nxd4 5. Qxd4 d6 6. Nc3 Nf6 7.
Bc4 Be7 8. Bd2 O-O 9. O-O c6 10. Rad1 Be6 11. Bxe6 fxe6 12. e5 Nd5 13. exd6
Bxd6 14. Ne4 Bc7 15. Bg5 Qe8 16. c4 Nf4 17. Qd7 Qb8 18. Nd6 Bxd6 19. Qxd6 Qxd6
20. Rxd6 h6 21. Bxf4 Rxf4 22. h3 Re8 23. g3 Rf7 24. Re1 Rfe7 25. f4 Kf7 26. Re5
a6 27. h4 g6 28. Kf2 h5 29. Ke3 Rc8 30. c5 Rcc7 31. Kd4 Rcd7 32. Kc4 Kf6 33.
Kb4 Kf7 34. a4 Kf6 35. Re3 Kf7 36. Kc4 Rxd6 37. cxd6 Rd7 38. Kc5 Kf6 39. b4 Kf7
40. Re5 Kf6 41. Rg5 Rh7 42. Kb6 Rd7 43. Ka7 Kf7 44. Kb8 Rxd6 45. Kxb7 Rd4 46.
Kxa6 Rxb4 47. Rc5 Rb3 48. Rxc6 Rxg3 {[Remainder illegible; 1-0, 54?]} 1-0

[Event "Dearborn (MEX/2)"]
[Site "?"]
[Date "1986.??.??"]
[Round "?"]
[White "Fairclough, N.."]
[Black "Feldman, Steve"]
[Result "1/2-1/2"]
[WhiteElo "2135"]
[BlackElo "2355"]
[PlyCount "45"]
[EventDate "1986.??.??"]

1. e4 Nc6 2. Nf3 f5 3. Bc4 fxe4 4. Bxg8 Rxg8 5. Ng5 h6 6. Nxe4 d5 7. Ng3 e5 8.
O-O Be6 9. a3 Qh4 10. c3 O-O-O 11. d3 Bc5 12. b4 Bb6 13. a4 a5 14. bxa5 Nxa5
15. Nd2 Bg4 16. Qc2 Rgf8 17. Rb1 e4 18. d4 Kb8 19. Nb3 Bc8 20. Nxa5 Bxa5 21.
Rb5 b6 22. Rxa5 bxa5 23. Ba3 1/2-1/2

[Event "Dearborn (MEX/4)"]
[Site "Dearborn"]
[Date "1986.??.??"]
[Round "?"]
[White "Fairclough, N.."]
[Black "Dowling, John"]
[Result "1-0"]
[WhiteElo "2135"]
[BlackElo "2100"]
[PlyCount "41"]
[EventDate "1986.??.??"]

1. e4 e6 2. d4 d5 3. Nc3 Bb4 4. e5 Qd7 5. h4 b6 6. Bd2 Ba6 7. Bxa6 Nxa6 8. Qe2
Nb8 9. Nd1 Bf8 10. h5 c5 11. c3 Nc6 12. Nf3 f6 13. h6 Nge7 14. Ne3 Ng6 15. hxg7
Bxg7 16. exf6 Bxf6 17. Ng4 Qe7 18. Qb5 Kd7 19. Bg5 a6 20. Nxf6+ Qxf6 21. Qxc6+
1-0

[Event "Monroe (RVO/1/4)"]
[Site "?"]
[Date "1986.??.??"]
[Round "?"]
[White "Everett, Morgan"]
[Black "Van Meter, L.."]
[Result "0-1"]
[WhiteElo "2010"]
[BlackElo "2350"]
[PlyCount "130"]
[EventDate "1986.??.??"]

{1/(4)} 1. e4 c6 2. d4 d5 3. Nc3 dxe4 4. Nxe4 Nf6 5. Nxf6+ exf6 6. Bc4 Bd6 7.
Qe2+ Qe7 8. Qxe7+ Kxe7 9. Ne2 Be6 10. Bd3 a5 11. c4 Rd8 12. Be3 Bb4+ 13. Kf1
Na6 14. Rc1 a4 15. f3 a3 16. b3 Nc5 17. Bc2 Nd7 18. Kf2 f5 19. Rhd1 Nf6 20. Bd3
h6 21. Ng3 f4 22. Bxf4 Rxd4 23. Be5 Rd7 24. Nf5+ Bxf5 25. Bxf5 Rxd1 26. Rxd1
Ra5 27. Bxf6+ Kxf6 28. Be4 Ke6 29. f4 g5 30. fxg5 hxg5 31. g4 Ra8 32. Rd3 Re8
33. h3 Ke5 34. Bf5 Bc5+ 35. Kf3 Rh8 36. Ke2 Re8 37. Kf3 Kf6 38. Be4 Re7 39. Rd2
Ke5 40. Bf5 f6 41. Re2+ Kd4 42. Rd2+ Kc3 43. Rc2+ Kb4 44. Be4 Rd7 45. Ke2 Rd4
46. Bf3 Rd8 47. Be4 Rh8 48. Bg2 Re8+ 49. Kd1 Re3 50. Rd2 Rg3 51. Kc2 Bd4 52.
Bf1 c5 53. Rd3 Rg1 54. Rd1 b6 55. Kd3 Rg3+ 56. Kc2 Rc3+ 57. Kb1 Rf3 58. Bd3
Rxh3 59. Kc2 Rg3 60. Bf5 Bc3 61. Rd6 Rg2+ 62. Kd1 Bd4 63. Rxb6+ Kc3 64. b4 cxb4
65. c5 Rxa2 0-1

[Event "Monroe (RVO/4/17)"]
[Site "?"]
[Date "1986.??.??"]
[Round "?"]
[White "Everett, Morgan"]
[Black "Turner, D.."]
[Result "0-1"]
[WhiteElo "2010"]
[BlackElo "1855"]
[PlyCount "106"]
[EventDate "1986.??.??"]

{4/(17)} 1. e4 e6 2. d3 d5 3. Nd2 c5 4. Ngf3 Nc6 5. g3 Nf6 6. Bg2 Be7 7. O-O
O-O 8. e5 Nd7 9. Re1 Qc7 10. Qe2 Nb4 11. Nf1 Nc6 12. h4 f6 13. exf6 Nxf6 14.
Bh3 e5 15. Bxc8 Qxc8 16. Nxe5 Nd4 17. Qd1 Ng4 18. Qxg4 Qxg4 19. Nxg4 Nf3+ 20.
Kh1 Nxe1 21. Bf4 Nf3 22. Nfe3 Rad8 23. Ng2 Bd6 24. Rf1 Rfe8 25. N4e3 d4 26. Nc4
Bxf4 27. Nxf4 Re1 28. Kg2 Rxf1 29. Kxf1 Re8 30. Kg2 Ne1+ 31. Kf1 Nxc2 32. Nd6
Re1+ 33. Kg2 b6 34. Nc8 Nb4 35. Nxa7 Rd1 36. Kf3 Nxa2 37. Nc8 Nb4 38. Nxb6 Nxd3
39. Ke2 Nxb2 40. Na4 d3+ 41. Nxd3 Rxd3 42. Nxb2 Rd7 43. Nd3 Rc7 44. Kd2 Kf7 45.
Kc3 Ke6 46. Kc4 Kd6 47. f4 h5 48. Nf2 Re7 49. Nd3 Re4+ 50. Kc3 Kd5 51. f5 Re3
52. Kd2 Rxd3+ 53. Kxd3 Ke5 0-1

[Event "Warren (MCO/1/21)"]
[Site "?"]
[Date "1986.??.??"]
[Round "?"]
[White "Everett, Morgan"]
[Black "Thomas, Jeff"]
[Result "1/2-1/2"]
[WhiteElo "2050"]
[BlackElo "1605"]
[PlyCount "48"]
[EventDate "1986.??.??"]

{1/(21)} 1. e4 e5 2. Nf3 Nf6 3. Bc4 Nc6 4. d3 Be7 5. Nc3 d6 6. h3 Na5 7. Bb3
Nxb3 8. axb3 c6 9. Qe2 Nd7 10. Be3 Qc7 11. d4 a6 12. O-O O-O 13. d5 c5 14. Qd3
b5 15. Nxb5 Qb7 16. Nc3 Nb6 17. Ne2 f5 18. exf5 Bxf5 19. Qd2 Qxd5 20. Rfd1 Qxd2
21. Rxd2 Bxh3 22. Nxe5 Bxg2 23. Ng6 hxg6 24. Kxg2 a5 1/2-1/2

[Event "Kalamazoo (WMUSO/1/8)"]
[Site "?"]
[Date "1986.??.??"]
[Round "?"]
[White "Everett, Morgan"]
[Black "Smalec, John"]
[Result "1-0"]
[WhiteElo "2040"]
[BlackElo "1605"]
[PlyCount "85"]
[EventDate "1986.??.??"]

{1/(8)} 1. e4 e6 2. d4 d5 3. Nc3 Bb4 4. e5 b6 5. Bd2 Ne7 6. Bd3 Ba6 7. Bxa6
Nxa6 8. Qe2 Qc8 9. Nf3 Nf5 10. g4 Ne7 11. Nb5 Bxd2+ 12. Qxd2 h6 13. a4 Qd7 14.
b4 Nc8 15. O-O c6 16. Na3 c5 17. b5 Nc7 18. c4 a6 19. dxc5 bxc5 20. Rfb1 axb5
21. axb5 Nb6 22. cxd5 Ncxd5 23. Rc1 Qe7 24. Nc4 O-O 25. Nd6 Rxa1 26. Rxa1 f6
27. Ne4 Nc4 28. Qc2 Nxe5 29. Nxe5 fxe5 30. Ra3 c4 31. Rg3 Qb4 32. h3 Qe1+ 33.
Kh2 Rf4 34. Re3 Nxe3 35. fxe3 Qxe3 36. b6 Qxb6 37. Qxc4 Qb2+ 38. Kg3 Qa3+ 39.
Kh4 Qe7+ 40. Kg3 Qa3+ 41. Kh4 g5+ 42. Kh5 Qxh3+ 43. Kg6 $138 1-0

[Event "Monroe (MI Op/1a/1)"]
[Site "?"]
[Date "1986.??.??"]
[Round "?"]
[White "Everett, Morgan"]
[Black "Poschel, Paul"]
[Result "0-1"]
[WhiteElo "2010"]
[BlackElo "2285"]
[PlyCount "45"]
[EventDate "1986.??.??"]

1. e4 c5 2. d4 cxd4 3. Nf3 e6 4. Nxd4 Nf6 5. Nc3 Nc6 6. g3 a6 7. Bg2 Qc7 8. O-O
Nxd4 9. Qxd4 Bc5 10. Qd1 Be7 11. Qe2 d6 12. Kh1 Bd7 13. f4 Bc6 14. b3 O-O 15.
Bb2 b5 16. Nd1 Rac8 17. Re1 d5 18. exd5 Bxd5 19. Ne3 Bxg2+ 20. Qxg2 Bb4 21.
Red1 Bc3 22. Bxc3 Qxc3 23. Rd3 0-1

[Event "Monroe (MI Op/3/21)"]
[Site "?"]
[Date "1986.??.??"]
[Round "?"]
[White "Everett, Morgan"]
[Black "Moore, Robert"]
[Result "1-0"]
[WhiteElo "2010"]
[BlackElo "1805"]
[PlyCount "79"]
[EventDate "1986.??.??"]

{3/(21)} 1. e4 c5 2. d4 cxd4 3. Nf3 d6 4. Nxd4 Nf6 5. Nc3 a6 6. Bg5 e6 7. f4
Be7 8. Qf3 Nc6 9. O-O-O Nxd4 10. Rxd4 h6 11. Bh4 Qc7 12. Be2 O-O 13. Qg3 b5 14.
e5 Ne8 15. Bxe7 Qxe7 16. Ne4 d5 17. Nf2 f5 18. Qb3 Kh7 19. Qh3 g6 20. g4 Ng7
21. Rg1 Bd7 22. Qg3 Be8 23. Rdd1 Rc8 24. Bd3 Rc7 25. h4 Rd7 26. Rg2 Rg8 27. Rh1
Rc7 28. Nh3 fxg4 29. Qxg4 Nf5 30. h5 Qd8 31. hxg6+ Rxg6 32. Bxf5 exf5 33. Qxf5
Rcg7 34. Rxg6 Bxg6 35. Ng5+ Kg8 36. Qe6+ Bf7 37. Qxh6 Kf8 38. Nh7+ Kg8 39. Nf6+
Kf8 40. Rg1 1-0